000 01006nam a2200277Ia 4500
001 Para_10097
003 CHAP
008 220125sJuni xx 000 0 und d
010 _a208788
040 _cCHAP
090 _aPA CD - TESIS 176
100 _aCach Puc, Gilberto
_9175135
245 _aControl de (Oligonychus oerseae Tuttle, Baker & Abbatiello con bifenazate en el cultivo de Aguacate, en Zopoco, Michoacán /
_c Gilberto Cach Puc; Director Juan Fernando Solís Aguilar
260 _aChapingo, Méx. :
_b el autor
300 _a1 CDS ROM (37 p.)
502 _aTesis (Ing. Agr. Esp. en Parasitología Agrícola). UACh. Departamento Parasitología Agrícola
700 _aSolís Aguilar, Juan Fernando. Director
_9171333
710 _aUACh. Departamento Parasitología Agrícola
_9164025
901 _aPA CD - TESIS 176
902 _aM
905 _a513220Junio, 2012 abnm8100000000 06
910 _aJuni
942 _cPARA
942 _cPARA
_d2
999 _c208788
_d208788